[Event "CrunchLab Masters Div 2 W"]
[Site "chess.com INT"]
[Date "2024.07.19"]
[Round "1.1"]
[White "Antipov, Mikhail Al."]
[Black "Vidit, Santosh Gujrathi"]
[Result "1/2-1/2"]
[WhiteTitle "GM"]
[BlackTitle "GM"]
[WhiteElo "2602"]
[BlackElo "2720"]
[WhiteFideId "4107012"]
[BlackFideId "5029465"]
[EventDate "2024.07.19"]
[EventType "k.o."]

1. e4 e5 2. Nf3 Nc6 3. Bc4 Bc5 4. d3 Nf6 5. O-O d6 6. c3 O-O 7. h3 Bb6 8. a4 a5
9. Re1 h6 10. Nbd2 Ne7 11. Qc2 Ng6 12. d4 Re8 13. Bf1 c6 14. Nc4 Bc7 15. dxe5
Nxe5 16. Nfxe5 dxe5 17. Be3 Be6 18. b4 Bxc4 19. Bxc4 Bb6 20. Qb3 Re7 21. Rad1
Qc7 22. Kh2 Bxe3 23. Rxe3 Rd8 24. Rxd8+ Qxd8 25. Rd3 Qb6 26. f3 g6 27. bxa5 Qxa5
28. Qb4 Qc7 29. a5 Kg7 30. Rd2 Re8 31. Rb2 Re7 32. Qc5 Rd7 33. Rb6 Rd8 34. Qb4
Rd7 35. Qc5 Rd8 36. Qb4 Rd7 37. a6 bxa6 38. Bxa6 Qa7 39. Rb8 Nh7 40. Qb6 Ng5 41.
Qxa7 Rxa7 42. Rb6 c5 43. Rc6 h5 44. h4 Ne6 45. Bc4 Rc7 46. Rb6 Nf8 47. Kg3 Nd7
48. Rd6 Kf8 49. Kf2 Ke7 50. Ra6 Rb7 51. Ke3 Rc7 52. g3 Nf6 53. Kd3 Ne8 54. Bd5
Nd6 55. f4 c4+ 56. Ke3 exf4+ 57. gxf4 Nb5 58. Ba8 Nxc3 59. f5 gxf5 60. exf5 Nb5
61. f6+ Kd7 62. Be4 Nd6 63. Bc2 Ke6 64. Kd4 Rd7 65. Bd1 Kxf6 66. Bxh5 Ke7 67.
Bf3 Rc7 68. Bd1 c3 69. Bc2 Nb5+ 70. Ke3 Rc5 71. Ra5 Kd6 72. Bd3 c2 73. Bxc2 Rxc2
74. Rxb5 Ke6 75. h5 Kf6 76. Kf4 Kg7 77. Kg4 1/2-1/2

[Event "CrunchLab Masters Div 2 W"]
[Site "chess.com INT"]
[Date "2024.07.19"]
[Round "1.1"]
[White "Aronian, Levon"]
[Black "Durarbayli, Vasif"]
[Result "1/2-1/2"]
[WhiteTitle "GM"]
[BlackTitle "GM"]
[WhiteElo "2729"]
[BlackElo "2628"]
[WhiteFideId "13300474"]
[BlackFideId "13402935"]
[EventDate "2024.07.19"]
[EventType "k.o."]

1. e4 e5 2. Nf3 Nc6 3. Bc4 Nf6 4. d3 Bc5 5. a4 d6 6. O-O a5 7. Bg5 h6 8. Bh4 g5
9. Bg3 Bg4 10. c3 h5 11. h4 Nh7 12. Nbd2 Qe7 13. Bd5 Ba7 14. b4 axb4 15. a5 Nd8
16. cxb4 c6 17. Bc4 Ne6 18. b5 cxb5 19. Bxb5+ Kf8 20. a6 bxa6 21. Bc4 Nd4 22.
Rxa6 Kg7 23. Kh1 Bc5 24. Rxa8 Rxa8 25. Nxd4 Bxd4 26. f3 Bd7 27. Qe2 gxh4 28. Bf2
Bxf2 29. Qxf2 Rf8 30. f4 f5 31. fxe5 dxe5 32. exf5 Rxf5 33. Nf3 h3 34. Qg3+ Ng5
35. Bd5 Kh6 36. Rg1 e4 37. Bxe4 Nxe4 38. dxe4 Qxe4 39. Qxh3 Qg4 40. Qh2 Rxf3 41.
gxf3 Qxf3+ 42. Qg2 Bc6 43. Qxf3 Bxf3+ 44. Kh2 Bg4 45. Kg3 Kg5 46. Rh1 Kf5 1/2-1/2

[Event "CrunchLab Masters Div 2 W"]
[Site "chess.com INT"]
[Date "2024.07.19"]
[Round "1.1"]
[White "Fedoseev, Vladimir3"]
[Black "Le, Tuan Minh"]
[Result "1/2-1/2"]
[WhiteTitle "GM"]
[BlackTitle "GM"]
[WhiteElo "2687"]
[BlackElo "2568"]
[WhiteFideId "24130737"]
[BlackFideId "12401153"]
[EventDate "2024.07.19"]
[EventType "k.o."]

1. d4 Nf6 2. c4 e6 3. g3 d5 4. Bg2 Bb4+ 5. Bd2 Be7 6. Nf3 O-O 7. O-O c6 8. Bf4
b6 9. Nc3 Nbd7 10. Rc1 Bb7 11. Qb3 c5 12. Rfd1 cxd4 13. Nxd4 e5 14. Nxd5 Nc5 15.
Qc2 exd4 16. b4 Nxd5 17. cxd5 Na6 18. d6 Bxg2 19. dxe7 Qxe7 20. Kxg2 Nxb4 21.
Qc4 Rad8 22. Rxd4 Qb7+ 23. f3 Nd5 24. Bd2 h6 25. Kf2 Nf6 26. Bf4 Rc8 27. Qb5
Rxc1 28. Bxc1 Qe7 29. Bf4 Re8 30. a4 Rd8 31. Qe5 Qf8 32. Rxd8 Qxd8 33. Qb8 Qxb8
34. Bxb8 a6 35. Ke3 Kf8 36. Kd4 Ke7 37. Bc7 b5 38. axb5 axb5 39. Kc5 b4 40. Kc4
Ke6 41. Bb6 Nd5 42. Bd4 g5 43. e4 Ne7 44. Kxb4 f5 45. g4 f4 46. Kc5 Ng6 47. Bg7
Nh4 48. Bxh6 Nxf3 49. h4 gxh4 50. Bxf4 h3 51. Kc4 Ne5+ 52. Kc3 Nxg4 53. Kd2 Nf6
54. Ke3 h2 55. Bxh2 Nxe4 1/2-1/2

[Event "CrunchLab Masters Div 2 W"]
[Site "chess.com INT"]
[Date "2024.07.19"]
[Round "1.1"]
[White "Matlakov, Maxim"]
[Black "Grischuk, Alexander"]
[Result "1/2-1/2"]
[WhiteTitle "GM"]
[BlackTitle "GM"]
[WhiteElo "2651"]
[BlackElo "2708"]
[WhiteFideId "4168003"]
[BlackFideId "4126025"]
[EventDate "2024.07.19"]
[EventType "k.o."]

1. Nf3 d5 2. c4 d4 3. b4 c5 4. Bb2 Nf6 5. g3 a5 6. b5 Nbd7 7. Bg2 e5 8. d3 Bd6
9. Nbd2 h6 10. a4 Nf8 11. e3 Ng6 12. Qe2 O-O 13. e4 Bg4 14. h3 Be6 15. Kd1 Qd7
16. Kc2 Nh7 17. Rae1 Rae8 18. Bc1 b6 19. h4 Bg4 20. Qf1 Ne7 21. Nh2 Be6 22. g4
Ng6 23. Ndf3 f6 24. Bh3 Nf4 25. Bxf4 exf4 26. Qg2 Be5 27. Nxe5 fxe5 28. Nf3 Qd6
29. g5 Bxh3 30. Rxh3 h5 31. Nd2 g6 32. f3 Rf7 33. Rhh1 Nf8 34. Ra1 Qe6 35. Kb2 1/2-1/2

[Event "CrunchLab Masters Div 2 W"]
[Site "chess.com INT"]
[Date "2024.07.19"]
[Round "1.1"]
[White "Moussard, Jules"]
[Black "Pichot, Alan"]
[Result "1/2-1/2"]
[WhiteTitle "GM"]
[BlackTitle "GM"]
[WhiteElo "2590"]
[BlackElo "2647"]
[WhiteFideId "642908"]
[BlackFideId "110973"]
[EventDate "2024.07.19"]
[EventType "k.o."]

1. e4 e5 2. Nf3 Nc6 3. Bb5 a6 4. Ba4 Nf6 5. O-O b5 6. Bb3 Bc5 7. a4 Rb8 8. c3 d6
9. d4 Bb6 10. axb5 axb5 11. Qd3 O-O 12. Bg5 h6 13. Bxf6 Qxf6 14. Qxb5 Bb7 15.
dxe5 Nxe5 16. Nxe5 dxe5 17. Nd2 Rfd8 18. Qe2 Qf4 19. Rad1 Ba6 20. Qxa6 Rxd2 21.
Rxd2 Qxd2 22. Qc4 Rf8 23. h4 Qxb2 24. h5 Qd2 25. g3 Qg5 26. Kg2 Qxh5 27. Rd1 Kh8
28. Rd7 f5 29. exf5 Qxf5 30. Rf7 Rxf7 31. Qxf7 Qxf7 32. Bxf7 g5 33. g4 Kg7 34.
Bd5 Kf6 35. f3 Ke7 36. Kf1 Kd6 37. Bg8 Ba5 38. c4 Kc5 39. Ke2 Kd4 40. Bd5 Bb4
41. Bf7 e4 42. fxe4 Kxe4 43. Kf2 Kf4 44. Bh5 Ke4 45. Bf7 Kf4 46. Bh5 Ke4 47. Bf7 1/2-1/2

[Event "CrunchLab Masters Div 2 W"]
[Site "chess.com INT"]
[Date "2024.07.19"]
[Round "1.1"]
[White "Oparin, Grigoriy"]
[Black "Karthikeyan, Murali"]
[Result "0-1"]
[WhiteTitle "GM"]
[BlackTitle "GM"]
[WhiteElo "2662"]
[BlackElo "2627"]
[WhiteFideId "24125890"]
[BlackFideId "5074452"]
[EventDate "2024.07.19"]
[EventType "k.o."]

1. e4 c5 2. Nf3 Nc6 3. Bb5 e6 4. O-O Nge7 5. Re1 a6 6. Bf1 d5 7. d3 Qc7 8. g3 d4
9. e5 b5 10. Bg2 Bb7 11. a4 Nd5 12. Nbd2 Be7 13. Ne4 O-O 14. c3 dxc3 15. bxc3
Rad8 16. axb5 axb5 17. Bb2 Nb6 18. Rb1 Nc4 19. d4 N6xe5 20. Nxe5 Nxe5 21. Nxc5
Bxg2 22. Kxg2 Qc6+ 23. f3 Nc4 24. Ne4 f5 25. Nf2 e5 26. Bc1 Bf6 27. Qb3 exd4 28.
cxd4 Rd5 29. Nd3 Rxd4 30. Nf4 Rb8 31. Nh5 Rdd8 32. Bf4 Rb7 33. Rbc1 Bd4 34. Rcd1
Rbd7 0-1

[Event "CrunchLab Masters Div 2 W"]
[Site "chess.com INT"]
[Date "2024.07.19"]
[Round "1.1"]
[White "Svane, Frederik"]
[Black "Kramnik, Vladimir"]
[Result "1/2-1/2"]
[WhiteTitle "GM"]
[BlackTitle "GM"]
[WhiteElo "2636"]
[BlackElo "2753"]
[WhiteFideId "12923044"]
[BlackFideId "4101588"]
[EventDate "2024.07.19"]
[EventType "k.o."]

1. e4 e6 2. d4 d5 3. Nc3 Nf6 4. e5 Nfd7 5. f4 c5 6. Nf3 Nc6 7. Be3 cxd4 8. Nxd4
Bc5 9. Qd2 Bxd4 10. Bxd4 Nxd4 11. Qxd4 Qb6 12. Qxb6 Nxb6 13. Nb5 Ke7 14. Bd3 Bd7
15. Nd4 Na4 16. b3 Nc5 17. Kd2 Rac8 18. a4 a5 19. Rhf1 g6 20. Rae1 h5 21. g3 Rc7
22. Re3 Rd8 23. Rf2 Bc6 24. Ke1 Bd7 25. h3 Rh8 26. Kd2 b6 27. Rf1 Rcc8 28. Rf2
Rcg8 29. Kc3 Rc8 30. Kb2 Rc7 31. Rf1 Rcc8 32. Rf2 Rc7 33. Rg2 Rcc8 34. Be2 Rc7
35. Bd3 Rhc8 36. g4 hxg4 37. hxg4 Rh8 38. Bb5 Rh4 39. Be2 Rc8 40. Bd3 Rh1 41. f5
gxf5 42. gxf5 Nxd3+ 43. Rxd3 exf5 44. Rf2 Re1 45. Nf3 Re4 46. Rxd5 Be6 47. Rdd2
Rc5 48. Rd3 f4 49. c4 Re3 50. Kc3 Bf5 51. Rxe3 fxe3 52. Re2 Bg4 53. Rxe3 Bxf3
54. Rxf3 Rxe5 55. Rh3 Re6 56. b4 axb4+ 57. Kxb4 f5 58. Kb5 f4 59. Rf3 Re4 60.
Kxb6 Rxc4 61. a5 Kd6 62. Rd3+ Ke5 63. a6 Ra4 64. a7 Ke4 65. Rc3 Rxa7 66. Kxa7 f3
67. Kb6 f2 68. Rc1 Kf3 69. Kc5 Kg2 70. Kd4 f1=Q 71. Rxf1 Kxf1 1/2-1/2

[Event "CrunchLab Masters Div 2 W"]
[Site "chess.com INT"]
[Date "2024.07.19"]
[Round "1.2"]
[White "Durarbayli, Vasif"]
[Black "Aronian, Levon"]
[Result "0-1"]
[WhiteTitle "GM"]
[BlackTitle "GM"]
[WhiteElo "2628"]
[BlackElo "2729"]
[WhiteFideId "13402935"]
[BlackFideId "13300474"]
[EventDate "2024.07.19"]
[EventType "k.o."]

1. e4 e6 2. d4 d5 3. Nc3 Nf6 4. e5 Nfd7 5. f4 c5 6. Nf3 Nc6 7. Be3 Be7 8. Ne2
Qb6 9. Rb1 f6 10. c3 cxd4 11. Nexd4 fxe5 12. fxe5 O-O 13. Be2 Ndxe5 14. Qd2 Ng4
15. Bg1 Qc7 16. Nb5 Qb8 17. c4 a6 18. Nc3 dxc4 19. Bxc4 b5 20. Be2 Bb7 21. Qd7
Qc8 22. Rd1 Rd8 23. Qxc8 Raxc8 24. Rxd8+ Bxd8 25. h3 Nge5 26. Bh2 Nxf3+ 27. Bxf3
Bh4+ 28. Kd1 Nd8 29. Rf1 Bf6 30. Kd2 Bxc3+ 31. bxc3 Bxf3 32. Rxf3 Nb7 33. Be5
Na5 34. Kc2 Nc4 35. Bh2 e5 36. Rf2 Rf8 37. Re2 Re8 38. Kb3 Kf7 39. a4 Ke6 40.
axb5 axb5 41. Kb4 Kd5 42. Kxb5 Rb8+ 43. Ka4 Nb2+ 44. Ka3 Nd3 45. g4 Rb7 46. Ka4
Nc5+ 47. Ka3 Nd3 48. Ka4 Nc5+ 49. Ka3 e4 50. c4+ Kxc4 51. Bg1 Ra7+ 52. Kb2 Nd3+
53. Kc2 Ra2+ 54. Kd1 Ra1+ 55. Kd2 Kd5 56. Bh2 Ra2+ 57. Ke3 Rxe2+ 58. Kxe2 g6 59.
Ke3 g5 60. Bg3 Ne5 61. Ke2 Ng6 62. Ke3 Nf4 63. h4 Ng2+ 64. Ke2 Nxh4 65. Bf2 Ng6 0-1

[Event "CrunchLab Masters Div 2 W"]
[Site "chess.com INT"]
[Date "2024.07.19"]
[Round "1.2"]
[White "Grischuk, Alexander"]
[Black "Matlakov, Maxim"]
[Result "1/2-1/2"]
[WhiteTitle "GM"]
[BlackTitle "GM"]
[WhiteElo "2708"]
[BlackElo "2651"]
[WhiteFideId "4126025"]
[BlackFideId "4168003"]
[EventDate "2024.07.19"]
[EventType "k.o."]

1. d4 Nf6 2. c4 e6 3. Nf3 d5 4. Bg5 Be7 5. Nc3 h6 6. Bxf6 Bxf6 7. Qb3 dxc4 8.
Qxc4 O-O 9. h4 g6 10. Rd1 Bg7 11. g3 Nd7 12. Bg2 c6 13. O-O Qe7 14. Qb3 b6 15.
e3 Bb7 16. Nd2 Rfd8 17. Nc4 Nf6 18. Ne4 Nd5 19. Rc1 Rac8 20. Rfd1 Ba8 21. a3 c5
22. dxc5 bxc5 23. Qc2 Rb8 24. Rd3 Nb6 25. Rxd8+ Rxd8 26. Ned2 Nd5 27. Nb3 Rb8
28. Nbd2 Rd8 29. Nb3 Rb8 30. Nbd2 Rd8 1/2-1/2

[Event "CrunchLab Masters Div 2 W"]
[Site "chess.com INT"]
[Date "2024.07.19"]
[Round "1.2"]
[White "Karthikeyan, Murali"]
[Black "Oparin, Grigoriy"]
[Result "1-0"]
[WhiteTitle "GM"]
[BlackTitle "GM"]
[WhiteElo "2627"]
[BlackElo "2662"]
[WhiteFideId "5074452"]
[BlackFideId "24125890"]
[EventDate "2024.07.19"]
[EventType "k.o."]

1. e4 c5 2. Nf3 d6 3. d4 cxd4 4. Nxd4 Nf6 5. Nc3 Nc6 6. Be2 e5 7. Nb3 Be7 8. O-O
h6 9. Re1 O-O 10. Bf1 a5 11. Be3 a4 12. Nd2 a3 13. b3 d5 14. Nxd5 Nxd5 15. exd5
Qxd5 16. c3 Be6 17. Nc4 Qxd1 18. Raxd1 e4 19. Nd6 f5 20. Nxb7 Ne5 21. Nc5 Bf7
22. Nd7 Nxd7 23. Rxd7 Bf6 24. c4 Rfd8 25. Red1 Rxd7 26. Rxd7 g5 27. Be2 Kf8 28.
g3 Be5 29. Bc5+ Kg8 30. f3 Rc8 31. Bb4 e3 32. Re7 Bd4 33. f4 gxf4 34. gxf4 Rb8
35. Rd7 Bb2 36. Bc5 Bc1 37. Kg2 Rc8 38. Bb6 Rc6 39. Rd8+ Kh7 40. Bd4 Bb2 41.
Bxe3 Re6 42. Kf2 Bf6 43. Rd3 Bh4+ 44. Kf1 Re8 45. Bf3 Bf6 46. Kf2 Bb2 47. c5 Rc8
48. c6 Be8 49. Rd6 Bc3 50. Bb6 Bb4 51. Rd8 Bc5+ 52. Ke2 Rxc6 53. Bxc6 Bh5+ 54.
Bf3 Bxb6 55. Rd7+ 1-0

[Event "CrunchLab Masters Div 2 W"]
[Site "chess.com INT"]
[Date "2024.07.19"]
[Round "1.2"]
[White "Kramnik, Vladimir"]
[Black "Svane, Frederik"]
[Result "1/2-1/2"]
[WhiteTitle "GM"]
[BlackTitle "GM"]
[WhiteElo "2753"]
[BlackElo "2636"]
[WhiteFideId "4101588"]
[BlackFideId "12923044"]
[EventDate "2024.07.19"]
[EventType "k.o."]

1. Nf3 d5 2. g3 Bg4 3. Bg2 e6 4. O-O Nd7 5. d3 c6 6. h3 Bxf3 7. Bxf3 Bc5 8. Bg2
Ne7 9. e4 O-O 10. Nd2 a5 11. a4 Qc7 12. Kh1 f5 13. Qe2 dxe4 14. Nb3 Bd6 15. dxe4
f4 16. e5 Bxe5 17. gxf4 Bd6 18. Nd4 Nc5 19. Nxe6 Nxe6 20. Qxe6+ Kh8 21. Bd2 Ng6
22. Rae1 Nxf4 23. Qe4 Qf7 24. Bxf4 Bxf4 25. Qe7 g6 26. Qxf7 Rxf7 27. Be4 Rd8 28.
Bd3 Kg7 29. Re4 Bg5 30. f4 Bf6 31. b3 Re7 32. Rxe7+ Bxe7 33. Kg2 Rf8 34. f5 gxf5
35. Rxf5 Rxf5 36. Bxf5 h6 37. Kf3 Kf6 38. Ke4 Bb4 39. Bc8 b6 40. Bd7 Ke7 41.
Bxc6 Kd6 42. Bb5 Bd2 43. Kd4 Bc1 44. Kc4 Kc7 45. c3 Bd2 46. b4 axb4 47. cxb4 Be1
48. Be8 Bd2 49. Kb5 Be1 50. Bh5 Bd2 51. Bf3 Be1 52. a5 bxa5 53. bxa5 Bf2 54. a6
Be3 55. Kc4 Kb6 56. Bb7 Ka7 57. Kd3 Bc1 58. Kc2 Be3 59. Kd3 Bc1 60. Kc2 Be3 61.
Kd3 1/2-1/2

[Event "CrunchLab Masters Div 2 W"]
[Site "chess.com INT"]
[Date "2024.07.19"]
[Round "1.2"]
[White "Le, Tuan Minh"]
[Black "Fedoseev, Vladimir3"]
[Result "1-0"]
[WhiteTitle "GM"]
[BlackTitle "GM"]
[WhiteElo "2568"]
[BlackElo "2687"]
[WhiteFideId "12401153"]
[BlackFideId "24130737"]
[EventDate "2024.07.19"]
[EventType "k.o."]

1. d4 Nf6 2. c4 c5 3. d5 b5 4. Nd2 bxc4 5. e4 d6 6. Bxc4 g6 7. b3 Bg7 8. Bb2 O-O
9. Ngf3 Nbd7 10. O-O Nb6 11. Qc2 Bg4 12. Rfe1 Nxc4 13. bxc4 Rb8 14. Bc3 Bh6 15.
h3 Bd7 16. e5 Bf5 17. Qd1 Ne8 18. Nf1 Bc8 19. Ng3 f5 20. e6 Nf6 21. Nh4 Rb4 22.
Ngxf5 gxf5 23. Nxf5 Bg5 24. Bxb4 cxb4 25. h4 Bf4 26. Qf3 1-0

[Event "CrunchLab Masters Div 2 W"]
[Site "chess.com INT"]
[Date "2024.07.19"]
[Round "1.2"]
[White "Pichot, Alan"]
[Black "Moussard, Jules"]
[Result "1/2-1/2"]
[WhiteTitle "GM"]
[BlackTitle "GM"]
[WhiteElo "2647"]
[BlackElo "2590"]
[WhiteFideId "110973"]
[BlackFideId "642908"]
[EventDate "2024.07.19"]
[EventType "k.o."]

1. e4 e6 2. d4 d5 3. Nc3 Nf6 4. e5 Nfd7 5. f4 c5 6. Nf3 Nc6 7. Be3 cxd4 8. Nxd4
Qb6 9. a3 Bc5 10. Ncb5 Nxd4 11. Bxd4 O-O 12. b4 Bxd4 13. Qxd4 f6 14. exf6 Rxf6
15. g3 a5 16. Qxb6 Nxb6 17. O-O-O axb4 18. axb4 Ra4 19. Bd3 Rxb4 20. Kd2 Nc4+
21. Bxc4 Rxc4 22. Rhe1 g5 23. Nd6 Rc6 24. Nxc8 Rxc8 25. fxg5 Rf2+ 26. Kd3 Rfxc2
27. Rxe6 Rxh2 28. g6 h6 29. Kd4 Rh5 30. Rb1 Rc4+ 31. Kd3 Rc7 32. Reb6 Rg5 33.
Rxb7 Rc4 34. Rd7 Rxg3+ 35. Ke2 Rc2+ 36. Kd1 Rc8 37. Ke2 Re8+ 38. Kf2 Rg5 39. Rd1
Rf8+ 40. Ke3 Rg3+ 41. Kd4 Rxg6 42. Rxd5 h5 43. Rh1 Rg4+ 44. Ke3 h4 45. Rh5 Rff4
46. Rg5+ Kf7 47. Rxg4 Rxg4 48. Kf3 Ra4 49. Kg2 Kg6 50. Kh3 Ra3+ 51. Kxh4 Ra7 52.
Rg1+ Kf6 53. Kg3 Rg7+ 54. Kf2 Rxg1 55. Kxg1 1/2-1/2

[Event "CrunchLab Masters Div 2 W"]
[Site "chess.com INT"]
[Date "2024.07.19"]
[Round "1.2"]
[White "Vidit, Santosh Gujrathi"]
[Black "Antipov, Mikhail Al."]
[Result "1-0"]
[WhiteTitle "GM"]
[BlackTitle "GM"]
[WhiteElo "2720"]
[BlackElo "2602"]
[WhiteFideId "5029465"]
[BlackFideId "4107012"]
[EventDate "2024.07.19"]
[EventType "k.o."]

1. e4 e5 2. Nf3 Nc6 3. Bb5 Nf6 4. d3 Ne7 5. Nc3 c6 6. Bc4 d6 7. O-O h6 8. d4 Qc7
9. dxe5 dxe5 10. Nh4 g5 11. Qf3 Bg7 12. Nf5 Bxf5 13. exf5 O-O 14. Bd3 Ned5 15.
Ne4 Nxe4 16. Bxe4 Nf6 17. c3 a5 18. a4 Rad8 19. h3 Qb6 20. Qe2 Qc7 21. Re1 Rfe8
22. Qc4 Qd7 23. Be3 Nxe4 24. Qxe4 Qd5 25. Qg4 Qb3 26. h4 f6 27. hxg5 hxg5 28.
Ra3 Qd5 29. Qh5 Qf7 30. Qxf7+ Kxf7 31. Bb6 Rd2 32. Rb3 Ra8 33. Be3 Rd7 34. Kf1
Bf8 35. Ke2 Be7 36. Rh1 Kg7 37. g4 Kf7 38. Rh7+ Kg8 39. Rh6 Kg7 40. Rh3 Kf7 41.
Rh1 Kg7 42. Rd1 Rxd1 43. Rxb7 Ra1 44. Rxe7+ Kg8 45. Re6 Kf7 46. Rxc6 Rxa4 47.
Rc7+ Kg8 48. Rc6 Kf7 49. Rc7+ Kg8 50. Rc6 Ra2 51. Rb6 a4 52. Kf3 Kf7 53. Rb7+
Kg8 54. Bc5 Ra1 55. Be7 Ra6 56. Ba3 Rg1 57. Rb8+ Kf7 58. Rb7+ Kg8 59. Rb8+ Kf7
60. Rb7+ Ke8 61. Rb4 Kd7 62. Rb7+ Kc6 63. Rb4 Kd5 64. Ke2 e4 65. Rb5+ Kc6 66.
Rc5+ Kd7 67. Rd5+ Ke8 68. f3 exf3+ 69. Kxf3 Rf1+ 70. Kg2 Rf4 71. Kg3 Rc6 72. Bc5
Rc7 73. Bd4 Rh7 74. Bxf6 Rh4 75. Be5 Rhxg4+ 76. Kh3 Rh4+ 77. Kg3 Rf1 78. f6 Rhh1
79. Bd4 Kf7 80. Rxg5 Rh7 81. Ra5 Rb1 82. Rxa4 Kg6 83. b4 Rf7 84. Ra2 Kf5 85. Re2
Rh7 86. Rf2+ Ke6 87. Kf4 Re1 88. Rf3 Kf7 89. Re3 Rf1+ 90. Ke4 Rh8 91. Kd3 Rg8
92. Re7+ Kg6 93. b5 Rf3+ 94. Kc4 Rc8+ 95. Kb4 Rb8 96. Rg7+ Kh6 97. Rc7 Rf1 98.
Kc4 Kg6 99. b6 Rf4 100. Kd5 Rf3 101. Kc6 Re8 102. b7 Rf1 103. Rc8 1-0

[Event "CrunchLab Masters Div 2 W"]
[Site "chess.com INT"]
[Date "2024.07.19"]
[Round "1.3"]
[White "Antipov, Mikhail Al."]
[Black "Vidit, Santosh Gujrathi"]
[Result "0-1"]
[WhiteTitle "GM"]
[BlackTitle "GM"]
[WhiteElo "2602"]
[BlackElo "2720"]
[WhiteFideId "4107012"]
[BlackFideId "5029465"]
[EventDate "2024.07.19"]
[EventType "k.o."]

1. e4 e5 2. Nf3 Nc6 3. Bc4 Bc5 4. d3 Nf6 5. O-O d6 6. c3 O-O 7. h3 a6 8. a4 Ba7
9. Nbd2 Ne7 10. Bb3 Ng6 11. Re1 c6 12. d4 Re8 13. Bc2 h6 14. a5 Be6 15. Nf1 Bb8
16. Ng3 Bc7 17. b4 Qd7 18. Bd2 Rad8 19. Qc1 Kh7 20. Be3 Qc8 21. Bb1 Rd7 22. c4
Rdd8 23. d5 Bd7 24. Ra3 Qb8 25. Bd3 Rc8 26. Qd2 Qa8 27. Rb1 cxd5 28. cxd5 Bb8
29. b5 axb5 30. Bxb5 Bxb5 31. Rxb5 Ba7 32. Rab3 Bxe3 33. Qxe3 Re7 34. Nf5 Rd7
35. R3b4 Nf4 36. Kh2 Rc2 37. Ng1 Qc8 38. g3 Rc3 39. Qa7 Nd3 40. Rb3 Rxb3 41.
Rxb3 Qc2 42. Rxd3 Qxd3 43. f3 Rc7 44. h4 Rc2+ 0-1

[Event "CrunchLab Masters Div 2 W"]
[Site "chess.com INT"]
[Date "2024.07.19"]
[Round "1.3"]
[White "Aronian, Levon"]
[Black "Durarbayli, Vasif"]
[Result "1-0"]
[WhiteTitle "GM"]
[BlackTitle "GM"]
[WhiteElo "2729"]
[BlackElo "2628"]
[WhiteFideId "13300474"]
[BlackFideId "13402935"]
[EventDate "2024.07.19"]
[EventType "k.o."]

1. e4 e5 2. Nf3 Nc6 3. Nc3 Nf6 4. Bb5 Bb4 5. O-O O-O 6. Bxc6 bxc6 7. Nxe5 Bxc3
8. dxc3 Nxe4 9. Re1 Nc5 10. b3 Ne6 11. Qf3 Rb8 12. Qg3 f6 13. Nd3 d6 14. Bh6 Rf7
15. Re2 Nf8 16. Rd1 Bf5 17. Be3 Qc8 18. Bxa7 Ra8 19. Be3 Rxa2 20. Nb4 Ra8 21.
Nxc6 Bg4 22. f3 Qa6 23. c4 Bd7 24. Nb4 Qb7 25. Nd5 Ng6 26. h4 Ne7 27. Nxe7+ Rxe7
28. Rde1 Rf7 29. h5 Kh8 30. h6 Rg8 31. Qh4 gxh6 32. Kh2 Qa8 33. Bd4 Rg6 34. Re7
Kg7 35. Bxf6+ Rxf6 36. Rxd7 Qf8 37. c5 dxc5 38. Qg3+ Kh8 39. Rxc7 Rg6 40. Rxf7
Qxf7 41. Qe5+ Rg7 42. Qe8+ Qg8 43. Qxg8+ Kxg8 44. Re6 Ra7 45. Rxh6 c4 46. bxc4
Ra2 47. c5 Rxc2 48. Rc6 h5 49. Rc7 h4 50. c6 Kh8 51. Rc8+ Kg7 52. c7 1-0

[Event "CrunchLab Masters Div 2 W"]
[Site "chess.com INT"]
[Date "2024.07.19"]
[Round "1.3"]
[White "Fedoseev, Vladimir3"]
[Black "Le, Tuan Minh"]
[Result "1-0"]
[WhiteTitle "GM"]
[BlackTitle "GM"]
[WhiteElo "2687"]
[BlackElo "2568"]
[WhiteFideId "24130737"]
[BlackFideId "12401153"]
[EventDate "2024.07.19"]
[EventType "k.o."]

1. d4 Nf6 2. c4 e6 3. g3 d5 4. Bg2 Bd6 5. Nf3 h6 6. O-O O-O 7. Nc3 Nc6 8. c5 Be7
9. a3 a5 10. Bf4 Nh5 11. Bd2 b6 12. cxb6 cxb6 13. Ne5 Bb7 14. e4 Nf6 15. exd5
Nxd5 16. Nxd5 exd5 17. Rc1 Nxe5 18. dxe5 Qd7 19. Be3 b5 20. Qh5 b4 21. axb4 Bxb4
22. Rfd1 Rfd8 23. Bh3 Qe7 24. Bb6 g6 25. Qxh6 Qxe5 26. Bd4 1-0

[Event "CrunchLab Masters Div 2 W"]
[Site "chess.com INT"]
[Date "2024.07.19"]
[Round "1.3"]
[White "Matlakov, Maxim"]
[Black "Grischuk, Alexander"]
[Result "1-0"]
[WhiteTitle "GM"]
[BlackTitle "GM"]
[WhiteElo "2651"]
[BlackElo "2708"]
[WhiteFideId "4168003"]
[BlackFideId "4126025"]
[EventDate "2024.07.19"]
[EventType "k.o."]

1. Nf3 d5 2. c4 e6 3. g3 dxc4 4. Bg2 a6 5. Qc2 Nf6 6. Ne5 Ra7 7. O-O Be7 8. Qxc4
b5 9. Qc2 Bb7 10. Bxb7 Rxb7 11. Nc6 Qd7 12. Nxe7 Qxe7 13. b3 h5 14. h4 Nd5 15.
Nc3 O-O 16. Bb2 Nxc3 17. Qxc3 f6 18. Qf3 c5 19. Qxh5 Rd7 20. d3 Rd5 21. Qf3 Nc6
22. Rac1 Rfd8 23. Kg2 e5 24. Rfe1 Qe6 25. h5 R8d7 26. a3 Nd4 27. Bxd4 exd4 28.
b4 Rc7 29. e4 Re5 30. bxc5 Rexc5 31. Rxc5 Rxc5 32. h6 gxh6 33. Rh1 Kg7 34. Qf4
h5 35. Qb8 Qd7 36. Qb6 Qc6 37. Qa7+ Kg6 38. Qb8 Qc8 39. Qd6 Rc6 40. Qxd4 Qc7 41.
Qd5 Rc5 42. Qg8+ Qg7 43. Qe8+ Qf7 44. Qd8 Re5 45. Qa8 f5 46. Qxa6+ Kg7 47. Qd6
Re6 48. Qd5 fxe4 49. dxe4 Qg6 50. Rxh5 Qxe4+ 51. Qxe4 Rxe4 52. Rxb5 1-0

[Event "CrunchLab Masters Div 2 W"]
[Site "chess.com INT"]
[Date "2024.07.19"]
[Round "1.3"]
[White "Moussard, Jules"]
[Black "Pichot, Alan"]
[Result "1/2-1/2"]
[WhiteTitle "GM"]
[BlackTitle "GM"]
[WhiteElo "2590"]
[BlackElo "2647"]
[WhiteFideId "642908"]
[BlackFideId "110973"]
[EventDate "2024.07.19"]
[EventType "k.o."]

1. c4 Nf6 2. Nf3 e6 3. b3 d5 4. Bb2 a6 5. g3 Bd6 6. Bg2 O-O 7. O-O Nc6 8. d4 Ne4
9. Nc3 f5 10. cxd5 Nxc3 11. Bxc3 exd5 12. Ne5 Be6 13. Nxc6 bxc6 14. e3 Rf6 15.
Rc1 Qe8 16. Bd2 Bd7 17. Re1 g5 18. f3 Qh5 19. f4 g4 20. h3 Rg6 21. Kf2 Qh6 22.
h4 Qf8 23. Bf1 a5 24. Bd3 Re6 25. a4 Ree8 26. Qc2 Reb8 27. Rb1 Rb6 28. Rec1 Ba3
29. Rd1 Bd6 30. Bc3 Bb4 31. Bxb4 Rxb4 32. Rdc1 Kg7 33. Qd2 Kf6 34. Rc5 Qd6 35.
Bc2 Kf7 36. Bd1 Kf6 37. Rbc1 h5 38. R1c3 Ra7 39. Bc2 Ra8 40. Bxf5 Kxf5 41. Qc2+
Kf6 42. Rxc6 Bxc6 43. Rxc6 Rab8 44. Rxd6+ cxd6 45. Qc7 Rxb3 46. Qxd6+ Kg7 47.
Qxd5 Rb2+ 48. Ke1 R8b3 49. Qe4 Kf8 50. Kd1 Kf7 51. d5 Rb1+ 52. Kc2 R3b2+ 53. Kc3
Rb3+ 54. Kd2 R3b2+ 55. Kc3 Rb3+ 56. Kc2 R3b2+ 57. Kc3 1/2-1/2